<?xml version="1.0" encoding="UTF-8"?>
<record
    xmlns:xsi="http://www.w3.org/2001/XMLSchema-instance"
    xsi:schemaLocation="http://www.loc.gov/MARC21/slim http://www.loc.gov/standards/marcxml/schema/MARC21slim.xsd"
    xmlns="http://www.loc.gov/MARC21/slim">

  <leader>01633nam a22002537a 4500</leader>
  <controlfield tag="003">Uzh_bibl</controlfield>
  <controlfield tag="008">260408b        |||||||| |||| 00| 0 ukr d</controlfield>
  <datafield tag="020" ind1=" " ind2=" ">
    <subfield code="a">978--966--8734-23-6</subfield>
    <subfield code="c">110.50</subfield>
  </datafield>
  <datafield tag="040" ind1=" " ind2=" ">
    <subfield code="b">&#x443;&#x43A;&#x440;.</subfield>
  </datafield>
  <datafield tag="041" ind1=" " ind2=" ">
    <subfield code="2">ukr</subfield>
    <subfield code="a">ukr</subfield>
  </datafield>
  <datafield tag="080" ind1=" " ind2=" ">
    <subfield code="a">030</subfield>
  </datafield>
  <datafield tag="090" ind1=" " ind2=" ">
    <subfield code="a">030</subfield>
    <subfield code="b">&#x428;71</subfield>
  </datafield>
  <datafield tag="100" ind1=" " ind2=" ">
    <subfield code="a">&#x428;&#x43C;&#x430;&#x433;&#x430;&#x43B;&#x43E;, &#x420;&#x43E;&#x441;&#x442;&#x438;&#x441;&#x43B;&#x430;&#x432;</subfield>
  </datafield>
  <datafield tag="245" ind1=" " ind2=" ">
    <subfield code="a">&#x415;&#x43D;&#x446;&#x438;&#x43A;&#x43B;&#x43E;&#x43F;&#x435;&#x434;&#x456;&#x44F; &#x445;&#x443;&#x434;&#x43E;&#x436;&#x43D;&#x44C;&#x43E;&#x457; &#x43A;&#x443;&#x43B;&#x44C;&#x442;&#x443;&#x440;&#x438; </subfield>
    <subfield code="c">&#x425;&#x443;&#x434;&#x43E;&#x436;.&#x440;&#x435;&#x434;. &#x424;.&#x411;&#x43E;&#x433;&#x443;&#x448;</subfield>
    <subfield code="h">&#x422;&#x435;&#x43A;&#x441;&#x442;</subfield>
  </datafield>
  <datafield tag="260" ind1=" " ind2=" ">
    <subfield code="a">&#x41B;&#x44C;&#x432;&#x456;&#x432;</subfield>
    <subfield code="b">"&#x41B;&#x41D;&#x410;&#x41C;"</subfield>
    <subfield code="c">2013</subfield>
  </datafield>
  <datafield tag="300" ind1=" " ind2=" ">
    <subfield code="a">520 &#x441;.</subfield>
    <subfield code="b">&#x456;&#x43B;.</subfield>
    <subfield code="f">&#x412; &#x43E;&#x43F;&#x440;.</subfield>
  </datafield>
  <datafield tag="520" ind1=" " ind2=" ">
    <subfield code="a">&#x415;&#x43D;&#x446;&#x438;&#x43A;&#x43B;&#x43E;&#x43F;&#x435;&#x434;&#x456;&#x44F; &#x440;&#x435;&#x430;&#x43B;&#x456;&#x437;&#x443;&#x454; &#x43C;&#x435;&#x442;&#x443;  &#x444;&#x443;&#x43D;&#x434;&#x430;&#x43C;&#x435;&#x43D;&#x442;&#x430;&#x43B;&#x44C;&#x43D;&#x43E;&#x457; &#x434;&#x436;&#x435;&#x440;&#x435;&#x43B;&#x44C;&#x43D;&#x43E;-&#x442;&#x435;&#x43E;&#x440;&#x435;&#x442;&#x438;&#x447;&#x43D;&#x43E;&#x457; &#x431;&#x430;&#x437;&#x438; &#x437;&#x43D;&#x430;&#x43D;&#x44C;  &#x437; &#x443;&#x43A;&#x440;&#x430;&#x457;&#x43D;&#x441;&#x44C;&#x43A;&#x43E;&#x457; &#x442;&#x430; &#x441;&#x432;&#x456;&#x442;&#x43E;&#x432;&#x43E;&#x457; &#x43C;&#x438;&#x441;&#x442;&#x435;&#x446;&#x44C;&#x43A;&#x43E;&#x457; &#x43E;&#x441;&#x432;&#x456;&#x442;&#x438; &#x432;&#x456;&#x434; &#x447;&#x430;&#x441;&#x443; &#x444;&#x43E;&#x440;&#x43C;&#x443;&#x432;&#x430;&#x43D;&#x43D;&#x44F; &#x457;&#x457; &#x441;&#x443;&#x447;&#x430;&#x441;&#x43D;&#x43E;&#x433;&#x43E; &#x442;&#x438;&#x43F;&#x443; &#x434;&#x43E; 2010 &#x440;&#x43E;&#x43A;&#x443;. &#x43F;&#x440;&#x43E;&#x430;&#x43D;&#x430;&#x43B;&#x456;&#x437;&#x43E;&#x432;&#x430;&#x43D;&#x43E; &#x430;&#x440;&#x445;&#x456;&#x432;&#x43D;&#x456; &#x434;&#x436;&#x435;&#x440;&#x435;&#x43B;&#x430; &#x442;&#x430; &#x444;&#x43E;&#x442;&#x43E;&#x434;&#x43E;&#x43A;&#x443;&#x43C;&#x435;&#x43D;&#x442;&#x438;, &#x449;&#x43E; &#x444;&#x456;&#x43A;&#x441;&#x443;&#x44E;&#x442;&#x44C; &#x444;&#x443;&#x43D;&#x43A;&#x446;&#x456;&#x43E;&#x43D;&#x443;&#x432;&#x430;&#x43D;&#x43D;&#x44F;  &#x43C;&#x438;&#x441;&#x442;&#x435;&#x446;&#x44C;&#x43A;&#x43E;&#x43E;&#x441;&#x432;&#x456;&#x442;&#x43D;&#x456;&#x445; &#x437;&#x430;&#x43A;&#x43B;&#x430;&#x434;&#x456;&#x432;.</subfield>
  </datafield>
  <datafield tag="521" ind1=" " ind2=" ">
    <subfield code="a">&#x414;&#x43B;&#x44F; &#x448;&#x438;&#x440;&#x43E;&#x43A;&#x43E;&#x433;&#x43E; &#x43A;&#x43E;&#x43B;&#x430; &#x447;&#x438;&#x442;&#x430;&#x447;&#x456;&#x432;</subfield>
  </datafield>
  <datafield tag="546" ind1=" " ind2=" ">
    <subfield code="a">&#x443;&#x43A;&#x440;.</subfield>
  </datafield>
  <datafield tag="650" ind1=" " ind2=" ">
    <subfield code="a">&#x41D;&#x430;&#x443;&#x43A;&#x43E;&#x432;&#x43E;-&#x434;&#x43E;&#x432;&#x456;&#x434;&#x43A;&#x43E;&#x432;&#x435; &#x432;&#x438;&#x434;&#x430;&#x43D;&#x43D;&#x44F;</subfield>
  </datafield>
  <datafield tag="653" ind1=" " ind2=" ">
    <subfield code="a">&#x411;&#x430;&#x437;&#x43E;&#x432;&#x456; &#x43D;&#x430;&#x443;&#x43A;&#x43E;&#x432;&#x456; &#x433;&#x430;&#x43B;&#x443;&#x437;&#x456;</subfield>
    <subfield code="a">&#x41C;&#x435;&#x442;&#x43E;&#x434;&#x43E;&#x43B;&#x43E;&#x433;&#x456;&#x44F;, &#x444;&#x43E;&#x440;&#x43C;&#x438;, &#x43E;&#x440;&#x433;&#x430;&#x43D;&#x456;&#x437;&#x430;&#x446;&#x456;&#x457;</subfield>
    <subfield code="a">&#x420;&#x435;&#x433;&#x456;&#x43E;&#x43D;&#x438; &#x442;&#x430; &#x43E;&#x441;&#x435;&#x440;&#x435;&#x434;&#x43A;&#x438;</subfield>
    <subfield code="a">&#x41D;&#x430;&#x43F;&#x440;&#x44F;&#x43C;&#x438; &#x442;&#x430; &#x441;&#x43F;&#x435;&#x446;&#x456;&#x430;&#x43B;&#x456;&#x437;&#x430;&#x446;&#x456;&#x44F; </subfield>
    <subfield code="a">&#x421;&#x43B;&#x43E;&#x432;&#x43D;&#x438;&#x43A; &#x442;&#x435;&#x440;&#x43C;&#x456;&#x43D;&#x456;&#x432; &#x43C;&#x438;&#x441;&#x442;&#x435;&#x446;&#x44C;&#x43A;&#x43E;&#x457; &#x43E;&#x441;&#x432;&#x456;&#x442;&#x438; &#x442;&#x430; &#x445;&#x443;&#x434;&#x43E;&#x436;&#x43D;&#x44C;&#x43E;&#x457; &#x43A;&#x443;&#x43B;&#x44C;&#x442;&#x443;&#x440;&#x438;</subfield>
  </datafield>
  <datafield tag="655" ind1=" " ind2=" ">
    <subfield code="a">&#x414;&#x43E;&#x432;&#x456;&#x434;&#x43A;&#x43E;&#x432;&#x430; &#x43B;&#x456;&#x442;&#x435;&#x440;&#x430;&#x442;&#x443;&#x440;&#x430;</subfield>
    <subfield code="v">&#x415;&#x43D;&#x446;&#x438;&#x43A;&#x43B;&#x43E;&#x43F;&#x435;&#x434;&#x456;&#x44F;</subfield>
  </datafield>
  <datafield tag="942" ind1=" " ind2=" ">
    <subfield code="2">udc</subfield>
    <subfield code="c">BK</subfield>
  </datafield>
  <datafield tag="999" ind1=" " ind2=" ">
    <subfield code="c">17292</subfield>
    <subfield code="d">17292</subfield>
  </datafield>
  <datafield tag="952" ind1=" " ind2=" ">
    <subfield code="0">0</subfield>
    <subfield code="1">0</subfield>
    <subfield code="2">udc</subfield>
    <subfield code="4">0</subfield>
    <subfield code="7">0</subfield>
    <subfield code="a">F2</subfield>
    <subfield code="b">F2</subfield>
    <subfield code="c">ABP</subfield>
    <subfield code="d">2026-04-08</subfield>
    <subfield code="i">63899</subfield>
    <subfield code="l">0</subfield>
    <subfield code="o">030</subfield>
    <subfield code="p">19599</subfield>
    <subfield code="r">2026-04-08</subfield>
    <subfield code="w">2026-04-08</subfield>
    <subfield code="y">BK</subfield>
  </datafield>
</record>
